Kresťania víkendovali v Levoči Medzi polmiliónom pútnikov na Mariánskej hore bol aj prezident SR s manželkou

Bibliographic Details
Main Author: Jenčuš, Rado (Author)
Format: Article
Language:Slovak
Subjects:

MARC

LEADER 00000nab a2200000 a 4500
001 vtls001018429
003 SK-MaSNL
005 20260303174301.0
008 040720e19970707xo 0 slo
035 |a SN4371 
040 |a SNSK  |b slo  |c SNSK  |e AACR2 
041 0 |a slo 
044 |a xo  |c SK 
080 |a 291.37  |2 1981 
100 1 |a Jenčuš, Rado  |4 aut  |9 880469 
245 1 0 |a Kresťania víkendovali v Levoči  |b Medzi polmiliónom pútnikov na Mariánskej hore bol aj prezident SR s manželkou 
610 2 7 |a Kostol Navštívenia Panny Márie (Levoča, Slovensko)  |2 SNKKA  |9 57029 
650 0 7 |a mariánske pútnické miesta  |2 SNSK  |9 74757 
650 0 7 |a náboženské púte  |2 SNSK  |9 1967 
651 7 |a Mariánska hora (Levočské vrchy, Slovensko : vrch)  |2 SNKPHgeo  |9 177653 
651 7 |a Levoča (Slovensko)  |2 SNSK  |9 26696 
773 0 8 |t Korzo  |g Roč. 4, č.154, 7.7.1997, s. 4 
852 |a ZVYKNI  |b KIS3GCP 
999 |c 2095921  |d 2097851